000 00584nam a2200193Ia 4500
003 LDD
008 190117s9999 xx 000 0 und d
020 _a8170162971
_c₹70
040 _cLDD
041 _ahi
082 _a8H3.7 व 2601 स
100 _aवजाहत, असगर
245 0 _aसब कहाँ,कुछ...
_cअसगर वजाहत
260 _aनई दिल्ली
_bकिताबघर
_c1996
300 _a136पृ.
901 _aHBC
904 _aReqst by :
942 _2ddc
_cH
999 _c169219
_d169219